箱根駅伝 2区6分台以下 - Statistics

General Stats
  • This quiz has been taken 62 times
    61 since last reset
  • The average score is 22 of 37
Answer Stats
タイム 大学 Answer % Correct
1:05:49(97回) 東京国際大 イエゴン・ヴィンセント
90%
1:06:41(98回) 国士舘大 ライモイ・ヴィンセント
90%
1:06:46(96回) 国士舘大 ライモイ・ヴィンセント
90%
1:05:44(101回) 青山学院大 黒田朝日
88%
1:06:07(100回) 青山学院大 黒田朝日
88%
1:06:13(98回) 駒澤大 田澤廉
81%
1:06:34(99回) 駒澤大 田澤廉
81%
1:05:57(96回) 東洋大 相澤晃
77%
1:05:31(101回) 東京国際大 リチャード・エティーリ
73%
1:05:43(101回) 創価大 吉田響
71%
1:06:24(101回) 中央学院大 吉田礼志
71%
1:06:14(101回) 駒澤大 篠原倖太朗
69%
1:06:18(96回) 東京国際大 伊藤達彦
69%
1:06:22(99回) 中央大 吉居大和
69%
1:06:04(85回) 山梨学院大 メグボ・ジョブ・モグス
65%
1:06:20(100回) 駒澤大 鈴木芽吹
65%
1:06:23(84回) 山梨学院大 メグボ・ジョブ・モグス
65%
1:06:24(99回) 青山学院大 近藤幸太郎
65%
1:06:48(71回) 早稲田大 渡辺康幸
63%
1:06:54(72回) 早稲田大 渡辺康幸
63%
1:06:26(100回) 國學院大 平林清澄
58%
1:06:31(100回) 早稲田大 山口智規
58%
1:06:38(101回) 國學院大 平林清澄
58%
1:06:45(95回) 順天堂大 塩尻和也
54%
1:06:39(101回) 中央大 溜池一太
52%
1:06:41(98回) 創価大 フィリップ・ムルワ
50%
1:06:32(101回) 立教大 馬場賢人
46%
1:06:43(100回) 創価大 スティーブン・ムチーニ
40%
1:06:52(87回) 東海大 村澤明伸
40%
1:06:46(75回) 順天堂大 三代直樹
38%
1:06:18(96回) 拓殖大 ラジニ・レメティキ
35%
1:06:55(101回) 城西大 ヴィクター・キムタイ
35%
1:06:22(101回) 帝京大 山中博生
33%
1:06:49(98回) 山梨学院大 ポール・オニエゴ
31%
1:06:45(100回) 東洋大 梅崎蓮
29%
1:06:18(95回) 日本大 パトリック・マセンゲ・ワンブィ
23%
1:06:55(101回) 山梨学院大 ジェームス・ムトゥク
23%
No matching quizzes found
Score Distribution
Percent of People with Each Score
Percentile by Number Answered
Your Score History
You have not taken this quiz since the last reset